000 00489nam a22001817a 4500
003 NUST - PNEC
005 20170116181154.0
008 160107b xxu||||| |||| 00| 0 eng d
020 _a9693523156
020 _a9789693523157
040 _cLIBRARY
082 _a923.5 BAN
100 _915714
_aBano Qudsia
245 _aRaah-e-Rawaan
_cBano Qudsia
260 _aLahore:
_bSange-e-Meel Publications,
_cc.2011
650 _915715
_aUrdu Literature, Biography
_xGeneral
942 _2ddc
_cBK
999 _c71098
_d71098